Statistiques concernant Marques de voitures #2

Cliquez ici pour prendre le quiz!

Statistiques générales

  • Ce quiz a été pris 533 fois
  • Le résultat moyen est 8 sur 10

Réponses sur la Carte

Les réponses sont colorées sur une échelle allant du rouge au vert en fonction du pourcentage des utilisateurs qui les ont devinées à leur premier essai. Vous pouvez retrouver ces pourcentages ci-dessous.
 

Statistiques - réponses

Réponse% Correct
Mercedes-Benz
96%
Tesla
96%
Alfa-Romeo
93%
Chevrolet
93%
Lexus
91%
McLaren
77%
Infiniti
69%
Chrysler
57%
Pontiac
56%
Saab
52%

Distribution des résultats

Percentile par nombre de réponses

% des personnes avec chaque résultat

Votre développement - résultats

Vous n’avez pas pris ce quiz